Rediseño del sistema de distribución de concremix y pegamix

Сохранить в:
Библиографические подробности
Главный автор: Cerdas, Sergio
Другие авторы: Sánchez, Carlos
Формат:
Опубликовано: San José, C.R. 1999
Предметы:
Метки: Добавить метку
Нет меток, Требуется 1-ая метка записи!

MARC

LEADER 00000nam a2200000Ia 4500
003 010147
005 20221231144217.0
008 140114s1999 cr a m 000 ||s d
040 |c cru CEDI 
090 |a TFG 4010 
100 |a Cerdas, Sergio  |9 8678 
245 |a Rediseño del sistema de distribución de concremix y pegamix 
260 |c 1999  |a  San José, C.R. 
300 |a  xviii, 202, [99] hojas : ilustraciones  
500 |a  Proyecto de graduación (licenciatura en ingeniería industrial)--Universidad de Costa Rica. Facultad de Ingeniería. Escuela de Ingeniería Industrial 
650 |x INDUSTRIA NACIONAL DE CEMENTO S.A. (CARTAGO, COSTA RICA)  |x HORMIGON - PRODUCCION   |x MATERIALES DE CONSTRUCCION - INDUSTRIA Y COMERCIO   |x HORMIGON - AGREGADOS  |9 8680 
700 |9 8679  |a Sánchez, Carlos 
942 |c TFG 
999 |c 18491  |d 18491